The complete guide to Blender graphics : (Record no. 31186)

MARC details
000 -LEADER
fixed length control field 02842cam a22003978i 4500
001 - CONTROL NUMBER
control field 23242076
003 - CONTROL NUMBER IDENTIFIER
control field EG-ScBUE
005 - DATE AND TIME OF LATEST TRANSACTION
control field 20260407111539.0
008 - FIXED-LENGTH DATA ELEMENTS--GENERAL INFORMATION
fixed length control field 230724s2024 flua f b 001 0 eng d
020 ## - INTERNATIONAL STANDARD BOOK NUMBER
Cancelled/invalid ISBN 9781032510606 (Volume 1)
020 ## - INTERNATIONAL STANDARD BOOK NUMBER
Cancelled/invalid ISBN 9781032510552 (Volume 2)
035 ## - SYSTEM CONTROL NUMBER
System control number 23242076
040 ## - CATALOGING SOURCE
Original cataloging agency DLC
Language of cataloging eng
Description conventions rda
Transcribing agency DLC
Modifying agency EG-ScBUE
082 04 - DEWEY DECIMAL CLASSIFICATION NUMBER
Classification number 777.7
Edition number 22
Item number BLA
100 1# - MAIN ENTRY--PERSONAL NAME
Personal name Blain, John M.,
Dates associated with a name 1942-
Relator term author.
245 14 - TITLE STATEMENT
Title The complete guide to Blender graphics :
Remainder of title computer modeling & animation /
Statement of responsibility, etc John M. Blain.
250 ## - EDITION STATEMENT
Edition statement Eighth edition.
264 #1 - PUBLICATION, DISTRIBUTION, ETC. (IMPRINT)
Place of publication, distribution, etc Boca Raton :
Name of publisher, distributor, etc CRC Press,
Date of publication, distribution, etc 2024.
300 ## - PHYSICAL DESCRIPTION
Extent 2 volumes :
Other physical details color illustrations ;
Dimensions 24 cm
336 ## - CONTENT TYPE
Content type term text
Content type code txt
Source rdacontent
337 ## - MEDIA TYPE
Media type term computer
Media type code c
Source rdamedia
338 ## - CARRIER TYPE
Carrier type term online resource
Carrier type code cr
Source rdacarrier
504 ## - BIBLIOGRAPHY, ETC. NOTE
Bibliography, etc Includes bibliographical references and index.
505 0# - FORMATTED CONTENTS NOTE
Formatted contents note Volume 1 -- Volume 2.
520 ## - SUMMARY, ETC.
Summary, etc "BlenderTM is a free Open-Source 3D Computer Modeling and Animation Suite incorporating Character Rigging, Particles, Real World Physics Simulation, Sculpting, Video Editing with Motion Tracking and 2D Animation within the 3D Environment. Blender is FREE to download and use by anyone for anything. The Complete Guide to Blender Graphics: Computer Modeling and Animation, Eighth Edition is a unified manual describing the operation of the program, updated with reference to the Graphical User Interface for Blender Version 3.3.0, including additional material covering Blender Assets, Geometry Nodes, and Non-Linear Animation. The book introduces the program's Graphical User Interface and shows how to implement tools for modeling and animating characters and created scenes with the application of color, texture and special lighting effects. Key Features: The book provides instruction for New Users starting at the very beginning. Instruction is presented in a series of chapters incorporating visual reference to the program's interface. The initial chapters are designed to instruct the user in the operation of the program while introducing and demonstrating interesting features of the program. Chapters are developed in a building block fashion providing forward and reverse reference to relevant material. The book is also available in a discounted set along with Blender 2D Animation: The Complete Guide to the Grease Pencil"--
Assigning source Provided by publisher.
588 ## - SOURCE OF DESCRIPTION NOTE
Source of description note Description based on print version record and CIP data provided by publisher; resource not viewed.
630 07 - SUBJECT ADDED ENTRY--UNIFORM TITLE
Uniform title Blender (Computer file)
Source of heading or term BUEsh
650 #7 - SUBJECT ADDED ENTRY--TOPICAL TERM
Topical term or geographic name as entry element Computer Animation.
Source of heading or term BUEsh
650 #7 - SUBJECT ADDED ENTRY--TOPICAL TERM
Topical term or geographic name as entry element Three-dimensional display systems.
Source of heading or term BUEsh
650 #7 - SUBJECT ADDED ENTRY--TOPICAL TERM
Topical term or geographic name as entry element Computer graphics.
Source of heading or term BUEsh
653 ## - INDEX TERM--UNCONTROLLED
Arrived date list April2026
Resource For college Arts and Design
655 ## - INDEX TERM--GENRE/FORM
Form subdivision Reading book
906 ## - LOCAL DATA ELEMENT F, LDF (RLIN)
a 7
b cbc
c orignew
d 1
e ecip
f 20
g y-gencatlg
942 ## - ADDED ENTRY ELEMENTS (KOHA)
Source of classification or shelving scheme Dewey Decimal Classification
Koha item type Book - Borrowing
Holdings
Withdrawn status Lost status Source of classification or shelving scheme Damaged status Not for loan Collection code Home library Current library Shelving location Date acquired Source of acquisition Cost, normal purchase price Serial Enumeration / chronology Total Checkouts Full call number Barcode Date last seen Cost, replacement price Price effective from Koha item type Public note
    Dewey Decimal Classification     Baccah Central Library Central Library Second Floor 07/04/2026 Purchase 4149.00 40179   777.7 BLA 000057609 07/04/2026 5186.00 07/04/2026 Book - Borrowing Volume 1
    Dewey Decimal Classification     Baccah Central Library Central Library Second Floor 07/04/2026 Purchase 6150.00 40179   777.7 BLA 000057610 07/04/2026 7687.50 07/04/2026 Book - Borrowing Volume 1
    Dewey Decimal Classification     Baccah Central Library Central Library Second Floor 07/04/2026 Purchase 6150.00 40179   777.7 BLA 000057611 07/04/2026 7687.50 07/04/2026 Book - Borrowing Volume 2